000 03158nam0a2200469 4500
001 RU\NLR\BIBL_A\012820643
005 20230412142712.0
010 _a978-5-00166-597-7
_970
021 _aRU
_bКН-П-22-017291
_9КН-П-22-1490
035 _a(NLR Aleph) 012820643
035 _a(RuMoRGB)011013677
090 _a12317210
_c12317210
100 _a20220617d2022 u y0rusy50 ca
101 0 _arus
102 _aRU
105 _aach|z|||001zy
181 0 _ai2
_bab2e
181 0 _ab2
_bbb2e
182 0 _an
200 1 _aИмператорские российские ордена Св. Апостола Андрея Первозванного, Св. Великомученицы Екатерины и Св. Александра Невского
_fС. В. Ушинин, М. С. Селиванов
203 _aТекст
_aИзображение
_bвизуальные
_cнепосредственные
203 _aТекст
_bвизуальный
_cнепосредственный
210 _aМосква
_cСам полиграфист
_d2022
_eМосква
215 _a311 с.
_cил., цв. ил., портр., факс.
_d29
320 _aБиблиогр.: с. 310-311
320 _aУказ. орденс. знаков: с. 3-14
330 _aНастоящее издание посвящено истории российских орденов Св. Апостола Андрея Первозванного, Св. Великомученицы Екатерины и Св. Александра Невского, жалованных в 1700-1917 годах. Книга состоит из отдельных очерков, в которых излагается краткая история учреждения орденов и дано описание основных типов орденских знаков и грамот, выдаваемых от Капитула на пожалование наградами. Данный труд является продолжением книги С. В. Пальцева (С. В. Ушинина) и М. С. Селиванова <Серебряные и золотые орденские звёзды Российской империи>, изданной в 2019 году
606 1 _aОрден Святого Андрея Первозванного
_2nlr_sh2
_3RU\NLR\AUTH\661469921
606 1 _aОрден Святого Александра Невского
_2nlr_sh2
_3RU\NLR\AUTH\661469926
606 1 _aОрден Святой Екатерины
_2nlr_sh2
_3RU\NLR\AUTH\661469923
675 _a737(47+57)
_v4
686 1 _aТ226(2)5
686 1 _aЦ4,8(2)243.71
700 1 _aУшинин
_bС. В.
701 1 _aСеливанов
_bМ.С.
_gМихаил Степанович
856 4 _lVNP_SKP
_tVIEW
_uhttps://webservices.nlr.ru/viewer/file?name=a012820643_002.txt
_yАннотация
856 4 1 _lVNP_SKP
_tVIEW
_uhttps://webservices.nlr.ru/viewer/file?name=t012820643_001.jpeg
_yОбложка
942 _cBOOK
980 4 _aVNP_SKP
980 _aNB